Online
Catalog

Tiempo sin campanas / (Record no. 23158)

MARC details
000 -CABECERA
campo de control de longitud fija 00771nam a2200229 a 4500
001 - NÚMERO DE CONTROL
campo de control 000023662
005 - FECHA Y HORA DE LA ÚLTIMA TRANSACCIÓN
campo de control 20200930022359.0
008 - DATOS DE LONGITUD FIJA--INFORMACIÓN GENERAL
campo de control de longitud fija 101216s1989 sp r 000 0 spa d
040 ## - FUENTE DE LA CATALOGACIÓN
Centro catalogador/agencia de origen DO-SdBNP
Lengua de catalogación spa
Centro/agencia transcriptor BNPHU
082 ## - NÚMERO DE LA CLASIFICACIÓN DECIMAL DEWEY
Número de clasificación NNN
Número de documento/Ítem B588t
049 ## - FONDOS LOCALES (OCLC)
Fondos de biblioteca BNGR
100 1# - ENTRADA PRINCIPAL--NOMBRE DE PERSONA
Nombre de persona Bienek, Horst
9 (RLIN) 48747
240 10 - TÍTULO UNIFORME
Título uniforme Zeit ohne glocken.
Lenguaje de la obra Español.
245 10 - MENCIÓN DE TÍTULO
Título Tiempo sin campanas /
Mención de responsabilidad, etc. Horst Bienek ; traducido al alemán por Anton Dieterich.
260 ## - PUBLICACIÓN, DISTRIBUCIÓN, ETC.
Lugar de publicación, distribución, etc. Barcelona, España :
Nombre del editor, distribuidor, etc. Muchnik Editores,
Fecha de publicación, distribución, etc. 1989.
300 ## - DESCRIPCIÓN FÍSICA
Extensión 350 p. ;
Dimensiones 20 cm.
490 1# - MENCIÓN DE SERIE
Mención de serie Literatura
Designación de volumen o secuencia 57
500 ## - NOTA GENERAL
Nota general Incluye datos biográficos del autor en la solapa de la contracubierta
534 ## - NOTA SOBRE LA VERSIÓN ORIGINAL
Encabezamiento principal del original Título original
Mención de título del original Zeit ohne glocken
700 1# - PUNTO DE ACCESO ADICIONAL--NOMBRE DE PERSONA
Nombre de persona Dieterich, Anton
Término indicativo de función/relación tr.
9 (RLIN) 48748
830 #0 - PUNTO DE ACCESO ADICIONAL DE SERIE-TÍTULO UNIFORME
Título uniforme Literatura
Designación de volumen o secuencia 57
9 (RLIN) 8095
Holdings
Estado de retiro Estado de pérdida Restricciones de uso No para préstamo Código de colección Localización permanente Ubicación/localización actual Ubicación en estantería Fecha de adquisición Número de inventario Total de préstamos Signatura topográfica completa Código de barras Fecha visto por última vez Precio válido a partir de Tipo de ítem Koha
        Monografías: Libros y Folletos General General En catalogación 16.12.2010 LF1   NNN B588t 23662-10 25.06.2020 25.06.2020 Préstamo en sala

Powered by Koha